[Event "ESP-ch"]
[Site "Palencia"]
[Date "1999.08.27"]
[Round "9"]
[White "Gonzalez Velez, Fermin"]
[Black "Fernandez Lopez, Francisco Jose"]
[Result "1-0"]
[WhiteElo "2344"]
[BlackElo "2171"]
[PlyCount "41"]
[EventDate "1999.08.19"]
[EventType "swiss"]
[EventRounds "9"]
[EventCountry "ESP"]
[SourceTitle "CBM 071 Extra"]
[Source "ChessBase"]
[SourceDate "1999.09.14"]
[SourceVersion "1"]
[SourceVersionDate "1999.09.14"]
[SourceQuality "1"]

1. d4 g6 2. c4 Bg7 3. Nc3 c5 4. d5 Bxc3+ 5. bxc3 f5 6. e4 fxe4 7. f3 Nf6 8. fxe4 d6 9. Bd3 e5 10. Qa4+ Bd7 11. Qc2 Na6 12. Nf3 Qe7 13. 0-0 h6 14. Rb1 0-0-0 15. Qb3 b6 16. a4 Be8 17. a5 Nd7 18. Rf2 Kb7 19. axb6 axb6 20. Qb5 Nb4 21. Rxb4 1-0